Building Better Homes (Record no. 351814)
[ view plain ]
| 000 -LEADER | |
|---|---|
| fixed length control field | 00572nam a2200133Ia 4500 |
| 008 - FIXED-LENGTH DATA ELEMENTS--GENERAL INFORMATION | |
| fixed length control field | 171212s9999 xx 000 0 und d |
| 020 ## - INTERNATIONAL STANDARD BOOK NUMBER | |
| International Standard Book Number | 9780833033321 |
| 100 ## - MAIN ENTRY--PERSONAL NAME | |
| Personal name | Hassell, Scott;Wong, Anny;Houser, Ari;Knopman, Debra;Bernstein, Mark A. |
| 245 ## - TITLE STATEMENT | |
| Statement of responsibility, etc | Hassell, Scott;Wong, Anny;Houser, Ari;Knopman, Debra;Bernstein, Mark A. |
| Title | Building Better Homes |
| Remainder of title | Government Strategies for Promoting Innovation in Housing |
| 260 ## - PUBLICATION, DISTRIBUTION, ETC. (IMPRINT) | |
| Name of publisher, distributor, etc | RAND Corporation |
| Date of publication, distribution, etc | 2003 |
| 650 ## - SUBJECT ADDED ENTRY--TOPICAL TERM | |
| Topical term or geographic name as entry element | Housing policy -- United States |
| 650 ## - SUBJECT ADDED ENTRY--TOPICAL TERM | |
| Topical term or geographic name as entry element | Technology |
| 856 ## - ELECTRONIC LOCATION AND ACCESS | |
| Uniform Resource Identifier | <a href="www.jstor.org/stable/10.7249/mr1658hud-path">www.jstor.org/stable/10.7249/mr1658hud-path</a> |
| Withdrawn status | Lost status | Damaged status | Home library | Current library | Date acquired | Total Checkouts | Full call number | Date last seen | Price effective from | Koha item type |
|---|---|---|---|---|---|---|---|---|---|---|
| College Library | College Library | 12/12/2017 | HD7293.B825 2003 | 12/12/2017 | 12/12/2017 | Curriculum - Based eBooks |